Introductory statistics for the behavioral sciences / (Record no. 13799)

000 -LEADER
fixed length control field 00617cam a2200229 a 4500
020 ## - INTERNATIONAL STANDARD BOOK NUMBER
ISBN 0155459872
040 ## - CATALOGING SOURCE
Transcribing agency DLC
082 00 - DEWEY DECIMAL CLASSIFICATION NUMBER
Classification number 519 HAR 1991 A024 Or.
100 1# - MAIN ENTRY--AUTHOR NAME
Personal name Welkowitz, Joan.
245 10 - TITLE STATEMENT
Title Introductory statistics for the behavioral sciences /
250 ## - EDITION STATEMENT
Edition statement 4th ed.
260 ## - PUBLICATION, DISTRIBUTION, ETC. (IMPRINT)
Place of publication San Diego :
Name of publisher Harcourt Brace Jovanovich,
Year of publication c1991.
300 ## - PHYSICAL DESCRIPTION
Number of Pages xv, 391 p. :
Other physical details ill. (some col.) ;
Dimensions 25 cm.
500 ## - GENERAL NOTE
General note Includes index.
650 #0 - SUBJECT ADDED ENTRY--TOPICAL TERM
Topical Term Social sciences
650 #0 - SUBJECT ADDED ENTRY--TOPICAL TERM
Topical Term Psychometrics.
650 #0 - SUBJECT ADDED ENTRY--TOPICAL TERM
Topical Term Sociology
650 #0 - SUBJECT ADDED ENTRY--TOPICAL TERM
Topical Term Education
700 1# - ADDED ENTRY--PERSONAL NAME
Personal name Ewen, Robert B.,
700 1# - ADDED ENTRY--PERSONAL NAME
Personal name Cohen, Jacob,
942 ## - ADDED ENTRY ELEMENTS (KOHA)
Koha item type សៀវភៅភាសាអង់គ្លេស
952 ## - LOCATION AND ITEM INFORMATION (KOHA)
Withdrawn status [LOCAL, KOHA] 0
Holdings
Permanent Location Date acquired Koha item type Lost status Shelving location Barcode Current Location Full call number
Library Block A2017-08-31សៀវភៅភាសាអង់គ្លេស A057A16592Library Block A519 HAR 1991 A057 Or.
មជ្ឈមណ្ឌលឯការនៃសាកលវិទ្យាល័យភូមិន្ទកសិកម្មចំការដូង

Powered by Koha